000 00446nam a2200169Ia 4500
003 GCL
008 140319s9999 xx 000 0 ara d
040 _aGCL /
_cGCL
082 0 4 _aط
_b507
_bك هـ
100 1 _aكامل ادهم الدباغ
245 1 0 _aالهواء فى تجارب /
_cكامل ادهم الدباغ
300 _a42 ص
490 _a100 قصة
_v0
650 0 4 _aتجارب
650 0 4 _aالطبيعة
942 _2ddc
_cBK
999 _c44960
_d44960